| 000 | 00354nam a2200145Ia 4500 | ||
|---|---|---|---|
| 008 | 230312s9999||||xx |||||||||||||| ||und|| | ||
| 020 | _a93-5134-359-2 | ||
| 082 |
_a618.920 _bDOU-N |
||
| 100 | _aDouglas;M | ||
| 245 | 0 | _aNeonatology management,procedures | |
| 260 |
_bMCGraw Hill _c2013 |
||
| 300 | _a1113 | ||
| 650 |
_aMedical _vDentistry |
||
| 942 | _cBK | ||
| 999 |
_c13135 _d13135 |
||